000
00317nam a22001457a 4500
003
OSt
005
20160727222358.0
008
160622b xxu||||| |||| 00| 0 eng d
040
_c
TEST
100
_9
613
_a
Miller, C
245
_a
The Song
260
_a
Ill
_b
Inter Varcity
_c
1977
300
_a
The Song
942
_2
ddc
_c
BK
999
_c
499
_d
499